000 00735nam a2200253Ia 4500
003 OSt
005 20220918214406.0
006 a|||||r|||| 00| 0
007 ta
008 220917b |||||||| |||| 00| 0 eng d
024 _a137,240
037 _cTextual
040 _aARTS
_cARTS
_beng
041 _2eng
_aeng
082 _aYp65:N58, J8 (906)
110 _aConference on social and economic research (Ibdan)
_9131157
245 0 _aProceedings
260 _c1958
490 _aWest African institute of social and economic reserach; 6
650 _aSOCIOLOGY
700 _aConference on social and economic research (Ibdan)
_9131158
942 _hYp65:N58, J8 (906)
_cTEXL
_2CC
999 _c260324
_d260324